Transport technology
This book introduce about: Road transport, Rial and guideway transport, Water transport, Congested transport, Future transport.
Bewaard in:
| Hoofdauteur: | |
|---|---|
| Formaat: | Boek |
| Taal: | Undetermined |
| Gepubliceerd in: |
London
Geoffrey Chapman Publishers
1972
|
| Onderwerpen: | |
| Tags: |
Voeg label toe
Geen labels, Wees de eerste die dit record labelt!
|
| Thư viện lưu trữ: | Trung tâm Học liệu Trường Đại học Cần Thơ |
|---|
| LEADER | 00754nam a2200193Ia 4500 | ||
|---|---|---|---|
| 001 | CTU_222121 | ||
| 008 | 210402s9999 xx 000 0 und d | ||
| 082 | |a 629.04 | ||
| 082 | |b G976 | ||
| 100 | |a Gunston, Bill | ||
| 245 | 0 | |a Transport technology | |
| 245 | 0 | |c Bill Gunston ; general editor Frank Barnaby ; Illustrations by Len Read | |
| 260 | |a London | ||
| 260 | |b Geoffrey Chapman Publishers | ||
| 260 | |c 1972 | ||
| 520 | |a This book introduce about: Road transport, Rial and guideway transport, Water transport, Congested transport, Future transport. | ||
| 650 | |a Transportation,Vận chuyển,Kỹ thuật vận tải,Transport engineering | ||
| 904 | |i Kim Tuyến, Qhieu | ||
| 980 | |a Trung tâm Học liệu Trường Đại học Cần Thơ | ||